|
|
|
|
| LEADER |
01369nam a22002411a 4500 |
| 001 |
c000082388 |
| 003 |
CARM |
| 005 |
19910205000000.0 |
| 008 |
910205s1968 enk 000 0 eng d |
| 019 |
1 |
|
|a 7723231
|5 LACONCORD2021
|
| 035 |
|
|
|a (OCoLC)2183948
|5 LACONCORD2021
|
| 040 |
|
|
|a NUN
|b eng
|c NUN
|
| 050 |
0 |
0 |
|a PZ1.S234
|b Dan
|
| 130 |
0 |
|
|a Saturday evening post.
|
| 245 |
1 |
0 |
|a Danger :
|b great stories of mystery and suspense from the Saturday evening post /
|c selected by the editors of the Saturday evening post.
|
| 260 |
|
|
|a London :
|b Gollancz,
|c 1968.
|
| 300 |
|
|
|a 368 p.
|
| 505 |
0 |
|
|a The reunion with terror / by M. Albrand -- The dream /by A. Christie -- Set up for murder / by R. Stern --The mystery of the master safe-cracker / by R. Standish -- Dead man in the water / by P. Wylie -- One of the dead / by W. Wood -- Hand upon the waters / by W. Faulkner -- The possibility of evil / by S. Jackson -- The woman who wouldn't stay dead / by G. Kersh --Motive for murder / by R. Stern -- The black cat / by E.A. Poe -- Run from the hangman / by G. Household.
|
| 650 |
|
0 |
|a Detective and mystery stories.
|
| 852 |
8 |
|
|b CARM
|h A2:AG27A0
|i B02750
|p 0121613
|f BK
|
| 082 |
0 |
|
|a 808.831
|
| 999 |
f |
f |
|i bb3db4d0-5c75-578b-8bb6-3b3b252099f1
|s dc7cd97d-7f5a-5852-8f0a-2848f9c50049
|
| 952 |
f |
f |
|p Can circulate
|a CAVAL
|b CAVAL
|c CAVAL
|d CARM 1 Store
|e B02750
|f A2:AG27A0
|h Other scheme
|i book
|m 0121613
|